Hz. Ali'nin mucizeleri ve hadisleri (Record no. 170)

MARC details
000 -BAŞLIK
Sabit Uzunlukta Kontrol Alanı 00733na a2200265 4500
001 - KONTROL NUMARASI
Denetim Alanı 12721
003 - KONTROL NUMARASI IDENTIFIER
Denetim Alanı MIRAKIL
005 - SON İŞLEM TARİHİ VE ZAMANI
Denetim Alanı 20181213154737.0
008 - SABİT-BOY VERİ ELEMANLARI - GENEL BİLGİLER
Sabit Uzunlukta Kontrol Alanı 160923b tu 000 0
020 ## - ULUSLARARASI STANDART KİTAP NUMARASI
Uluslararası Standart Kitap Numarası 9786051258225
035 ## - SİSTEM KONTROL NUMARASI
Sistem Kontrol Numarası 12721
040 ## - KATALOGLAMA KAYNAK
Orijinal Kataloglama Ajansı Milas
Kataloglama Dili tur
Metne Dönüştürmek Ajansı TR-AnCHP
082 ## - DEWEY ONLU SINIFLANDIRMA NUMARASI
Sınıflandırma Numarası 297.61
Ürün Numarası G98h 2014
090 ## - SINIFLAMA NUMARASI
Sınıflama Numarası 297.61 G98h 2014
100 ## - ANA GİRİŞ - KİŞİSEL İSİM
Kişisel Ad Güven, Mehmet
245 ## - BAŞLIK TABLOSU
Başlık Hz. Ali'nin mucizeleri ve hadisleri
Sorumluluk Tablosu, Vb Mehmet Güven
246 ## - UNVAN FORM VARYING
Başlık Doğru / Kısa Başlığı Hz. Alinin mucizeleri ve hadisleri
250 ## - EDITION TABLOSU
Baskı Beyanı 4. bs.
260 ## - YAYIN, DAĞITIM, VB
Yayın, Dağıtım, Vb Yeri Hatay
Yayıncı, Dağıtıcı, Vs Adı Günışığı Kitaplığı
Yayın, Dağıtım, Vb Tarihi 2014
300 ## - FİZİKSEL TANIM
Kapsam 174 s.
Boyutlar 20 sm.
600 ## - KONU KATMA GİRİŞ - KURUMSAL ADI
Kişisel Ad Hz. Ali (Ali bin Ebu Talib)
Bir Adıyla İlişkilendirilen Tarihler 599-661
650 ## - KONU KATMA GİRİŞ - TOPİKAL DÖNEM
Topikal Süreli Veya Coğrafi Ad Giriş Elemanı İslam önderleri
650 ## - KONU KATMA GİRİŞ - TOPİKAL DÖNEM
Topikal Süreli Veya Coğrafi Ad Giriş Elemanı Hz. Ali
Genel Alt Bölümü Hadisler
942 ## - EKLENDİ GİRİŞ ELEMANLARI (KOHA)
Sınıflandırma Veya Raf Düzeni Kaynak
Koha Öğesi Türü Books
999 ## - SİSTEM KONTROL NUMARALARI (KOHA)
Koha Biblionumber 170
Koha Biblioitemnumber 170
Holdings
Kalıcı Konum Mevcut Konum Edinme Tarihi Edinim Kaynak Toplam Check-Out'Lar Tam Çağrı Numarası Barkod Tarih Son Görülme İtibaren Geçerli Fiyatlar Koha Öğesi Türü
CHP Kütüphanesi CHP Kütüphanesi 08/01/2016 Bağış   297.61 G98h 2014 000429 08/01/2016 08/01/2016 Books